Wish You Were Sober - Conan Gray (All Lyrics) - Statistics

General Stats
  • This quiz has been taken 644 times
    620 since last reset
  • The average score is 338 of 405
Answer Stats
Wish You Were Sober % Correct
we
100%
Intro | Post-Chorus Wish
100%
wish
100%
you
100%
You
100%
so
99%
sober
99%
Sober
99%
were
99%
we're
99%
where
99%
a
97%
I
97%
but
96%
But
96%
party
95%
the
92%
her
90%
now
90%
Don't
89%
don't
89%
kiss
89%
Kiss
89%
me
89%
Verse 1 This
89%
this
89%
And
88%
and
88%
take
87%
Take
87%
act
86%
five
86%
twenty
86%
your
86%
could
85%
drink
85%
is
84%
my
84%
Chorus Nineteen
84%
shit
81%
Go
80%
I'm
79%
in
79%
sweet
79%
of
78%
Real
78%
here
77%
know
77%
lips
77%
loud
77%
over
77%
beer
76%
more
76%
music
76%
party's
76%
too
76%
anywhere
75%
not
75%
please
75%
even
74%
Rover
74%
talk
74%
ain't
73%
seat
72%
dip
71%
out
71%
around
70%
crowd
69%
window
69%
anyone
68%
down
68%
that
68%
Cause
67%
just
67%
like
67%
pretty
67%
hit
66%
jeans
65%
Ripped
63%
'til
63%
at
62%
wow
62%
cup
61%
definitely
59%
crawl
58%
downed
57%
drinks
57%
you're
57%
Trade
56%
Kinda
54%
Knees
54%
Save
54%
hope
53%
weak
53%
door
51%
followin'
48%
stay
47%
home
45%
road
45%
beg
44%
roller
44%
coaster
42%
close
41%
proud
41%
Pulling
41%
walking
41%
Gotta
40%
Verse 2 Trip
40%
Getting
39%
good
39%
bounce
38%
Pre-Chorus I'ma
38%
saying
37%
hanging
36%
let
34%
always
30%
Oh
30%
Honestly
29%
No matching quizzes found
Score Distribution
Percent of People with Each Score
Percentile by Number Answered
Your Score History
You have not taken this quiz since the last reset